Quantile regression

Uložené v:
Podrobná bibliografia
Hlavný autor: Koenker, Roger
Médium: Kniha
Jazyk:English
Vydavateľské údaje: Cambridge Cambridge University Press 2005
Edícia:Econometric society monographs no. 38
Predmet:
Tagy: Pridať tag
Žiadne tagy, Buďte prvý, kto otaguje tento záznam!

MARC

LEADER 00000nam a2200000 4500
001 0156881
005 20240312115944.1
020 |a 978-0-521-60827-5 
041 0 |a eng 
044 |a GB 
245 1 0 |a Quantile regression  |c Roger Koenker 
264 1 |a Cambridge  |b Cambridge University Press  |c 2005 
300 |a 349 s. 
490 1 |a Econometric society monographs  |v no. 38 
830 0 |a Econometric society monographs  |v no. 38 
610 2 0 |a regresia 
610 2 0 |a metodológia 
610 2 0 |a štatistika 
610 2 0 |a modelovanie ekonometrické 
610 2 0 |a modely lineárne 
610 2 0 |a modely nelineárne 
610 2 0 |a analýza regresná 
610 2 0 |a štatistika matematická 
100 1 |a Koenker, Roger